| 000 | 00782cam a2200169 4500 | ||
|---|---|---|---|
| 001 | ABS60932 | ||
| 008 | 000000n1999 000 0 eng u | ||
| 035 | _a(Sirsi) u101477 | ||
| 245 | _aIndustrial and Distribution Occupier. | ||
| 260 | _c1999 | ||
| 490 |
_aEstates Gazette _v'Supplement' 10 July 1999 (142) (LOAN) |
||
| 520 | _a Discusses various issues in relation to the industrial and distribution market, including the increasing pressure to use rail transport, the impact of the next rating revaluation and location costs in the south east. Case studies of Eland Electrical and Sugarfayre. Directory of UK distribution parks. | ||
| 650 | _aINDUSTRIAL PROPERTY | ||
| 650 | _aDISTRIBUTION | ||
| 690 | _aPROPERTY-COMMERCIAL PROPERTY-COMMERCIAL PROPERTY MARKET | ||
| 942 | _n0 | ||
| 999 |
_c60610 _d60610 |
||